00430nam a2200157Ia 4500003000400000005001700004008004100021040000900062082001700071100001800088245006800106250001200174260006500186300000900251650001200260OSt20201102114851.0190216s9999||||xx |||||||||||||| ||und|| coclc a823.8bHAR/U aHardy, Thomas 0aUnder The Greenwood Tree Or The Mellstok Quire /cThomas Hardy a1st Ed. bCalicut University Publications,c2005.aCalicut University: a191p aEnglish